000 00630nam a2200229 i 4500
001 C2-0269608
003 PPAK
005 20180728000233.0
008 060809s2000 my |||| ||||| | chi d
020 _a983820479X
040 _aPPAK
_beng
_cPPAK
_erda
082 0 4 _a895.1
_223
090 0 0 _a895.1
_bMAH
_dG
245 0 0 _aMa hua wen xue jiang hui gu zhuan ji 12
264 1 _aSeri Kembangan, Selangor :
_bUnited Publishing House ,
_c2000
300 _a123 pages ;
_c21 cm
336 _2rdacontent
_atext
337 _2rdamedia
_aunmediated
338 _2rdacarrier
_avolume
650 1 0 _aChinese literature.
942 _ddc
_cB
999 _c78275
_d78275